01717nam a22001697a 450000500170000000800410001704001060005808200270016411000920019124501450028326000570042830000090048550505960049465001750109071000920126585601900135720260618101909.0260618b |||||||| |||| 00| 0 spa d a Instituto Dominicano de Evaluación e Investigación de la Calidad Educativa , IDEICEcIDEICEeRDA aIdeice 371.4 I59i 2026 aInstituto Dominicano de Evaluación e Investigación de la Calidad Educativa , IDEICE aAnálisis del programa de habilidades parentales orientado a la prevención del consumo de sustancias psicoactivas en adolescentescIDEICE aSanto Domingo, República Dominicana bIDEICEc2026 c70p. aEl Programa Habilidades Parentales constituye una iniciativa orientada a la prevención del consumo de sustancias psicoactivas en adolescentes, desarrollada de manera conjunta por el Consejo Nacional de Drogas (CND) y la Dirección de Participación Comunitaria del Ministerio de Educación. Con el propósito de reflexionar sobre su implementación y los efectos generados en la población beneficiaria, se realizó una sistematización de experiencias centrada en las vivencias de familias, orientadores(as), psicólogos(as) y técnicos distritales participantes en el programa. aInvestigación Educativa--República Dominicana; Habilidades parentales, Orientación educativa; Relaciones familiares; Acompañamiento socioemocional del estudiante. aInstituto Dominicano de Evaluación e Investigación de la Calidad Educativa , IDEICE uhttps://ideice.gob.do/documentacion/publicaciones-id-233-analisis-del-programa-de-habilidades-parentales-orientado-a-la-prevencion-del-consumo-de-sustancias-psicoactivas-en-adolescentes